Mayrit, Madrid : (Record no. 195786)

MARC details
000 -LEADER
campo de control de longitud fija 01458nam a2200349 i 4500
001 - NÚMERO DE CONTROL
campo de control 195786
003 - IDENTIFICADOR DE NÚMERO DE CONTROL
campo de control SpMaBN
005 - FECHA Y HORA DE LA ÚLTIMA TRANSACCIÓN
campo de control 20250302063101.0
008 - DATOS DE LONGITUD FIJA--INFORMACIÓN GENERAL
campo de control de longitud fija 250228s2020 sp a | |||| 000 0 spa
017 ## - NÚMERO DE COPYRIGHT O DE DEPÓSITO LEGAL
Número de copyright o de depósito legal M 803-2020
Agencia que asigna Oficina Depósito Legal Madrid
020 ## - NÚMERO INTERNACIONAL ESTÁNDAR DEL LIBRO
Número Internacional Estándar del Libro 9788417882266
035 ## - NÚMERO DE CONTROL DEL SISTEMA
Número de control de sistema (OCoLC)1190656051
035 ## - NÚMERO DE CONTROL DEL SISTEMA
Número de control de sistema a6722330
040 ## - FUENTE DE CATALOGACIÓN
Centro catalogador/agencia de origen SpMaBN
Lengua de catalogación spa
Centro/agencia transcriptor SpMaBN
Normas de descripción rda
080 ## - NÚMERO DE LA CLASIFICACIÓN DECIMAL UNIVERSAL
Número de la Clasificación Decimal Universal 72.033.3(460.27)
100 1# - ENTRADA PRINCIPAL--NOMBRE DE PERSONA
Nombre de persona Shamhood, Kadhim
Fechas asociadas al nombre 1948-
Relación aut
9 (RLIN) 237501
245 10 - MENCIÓN DEL TÍTULO
Título Mayrit, Madrid :
Resto del título ruta islámica por el antiguo Madrid y sus pueblos /
Mención de responsabilidad, etc. Kadhim Shamhood.
250 ## - MENCION DE EDICION
Mención de edición Primera edición: enero, 2020
264 #1 - PRODUCCIÓN, PUBLICACIÓN, DISTRIBUCIÓN, FABRICACIÓN Y COPYRIGHT
Producción, publicación, distribución, fabricación y copyright Madrid, España :
Nombre del de productor, editor, distribuidor, fabricante Liber Factory,
Fecha de producción, publicación, distribución, fabricación o copyright [2020]
300 ## - DESCRIPCIÓN FÍSICA
Extensión 107 páginas :
Otras características físicas principalmente ilustraciones (blanco y negro y color), mapa (color), planos (blanco y negro y color) ;
Dimensiones 25 cm.
336 ## - TIPO DE CONTENIDO
Término de tipo de contenido Imagen fija
-- Texto
Fuente rdacontent
337 ## - TIPO DE MEDIO
Nombre/término del tipo de medio sin mediación
Fuente rdamedia
338 ## - TIPO DE SOPORTE
Nombre/término del tipo de soporte volumen
Fuente rdacarrier
500 ## - NOTA GENERAL
Nota general Título paralelo también en árabe
650 #7 - PUNTO DE ACCESO ADICIONAL DE MATERIA--TÉRMINO DE MATERIA
Término de materia o nombre geográfico como elemento de entrada Arquitectura musulmana
Subdivisión geográfica Madrid (Comunidad Autónoma)
Fuente del encabezamiento o término embne
9 (RLIN) 237502
852 ## - LOCALIZACIÓN
Ubicación ES-MaACL
Sublocalización o colección R.152910
Ubicación en estantería Depósito J
Número de control de estantería N-8794
Donativo/Legado Donación: Kadhim Shamhood
Encuadernación Encuadernación rústica con solapas
itemnumber 204638
903 ## - NOMBRE PERSONAL DE DONANTE
9 237501
a Shamhood, Kadhim,
d 1948-
e Donante
942 ## - ELEMENTOS DE ENTRADA SECUNDARIOS (KOHA)
Tipo de ítem Koha Libro impreso
Suprimir en OPAC No
954 ## - CATALOGADOR -ALTA REGISTRO
Estado de la copia Tatiana Alejandra de Castro Pérez
Holdings
Estatus retirado Estado de pérdida Fuente del sistema de clasificación o colocación Estado de daño No para préstamo Biblioteca de origen Biblioteca actual Ubicación en estantería Fecha de adquisición Fuente de adquisición Total de préstamos Signatura topográfica completa Código de barras Visto por última vez Precio de reemplazo Tipo de ítem Koha
    Clasificación decimal universal     Biblioteca del Ateneo de Madrid Biblioteca del Ateneo de Madrid Depósito J 28/02/2025 Donación   N-8794 101206679 28/02/2025 28/02/2025 Libro impreso